00998nam a22001817a 450000500170000000800410001702000190005804000070007704100120008408200170009610000190011324500240013226000450015630000250020136500540022652005100028065000260079020251103124135.0251017b |||||||| |||| 00| 0 eng d a978-9363553682 cAL aEnglish a820.12bPARC aPrashant Paras aCurse of Letting Go aChhattisgarhbEvincepub Publishingc2025 ax,135p.bPBc20x13cm aEKJA-50753b₹220.00c₹d₹220.00f03-10-2025 ahe Curse of Letting Go is a collection of poems that speaks to the pain of unfinished goodbyes, the weight of memories, and the haunting silence after love fades. With raw emotion and poetic honesty, Prashant Paras writes not just about losing someone, but about losing parts of yourself in the process. If you’ve ever loved deeply, hurt silently, or waited endlessly— these words will feel like your own. “Because letting go isn’t the end—it’s the beginning of carrying pain differently.” aIndian English Poetry